| 000 | 00349nam a2200133Ia 4500 | ||
|---|---|---|---|
| 008 | 240624s9999 xx 000 0 und d | ||
| 041 | _aeng | ||
| 082 | _a100 WAL | ||
| 100 | _aWALSCH NEALE DONALD | ||
| 245 | _aNEW REVELATIONS A CONVERSATION WITH GOD | ||
| 260 |
_c2002 _aNew York _bAtria Books |
||
| 300 | _aix, : 358 : p. : cm. ; 21 | ||
| 365 |
_c _b35 |
||
| 999 |
_c7569 _d7569 |
||